Sức mạnh của trí tuệ cảm xúc /
Kaydedildi:
| Yazar: | |
|---|---|
| Diğer Yazarlar: | , , , , |
| Materyal Türü: | Sách giấy |
| Dil: | Vietnamese |
| Baskı/Yayın Bilgisi: |
TP. HCM :
Nxb. Trẻ,
2010.
|
| Konular: | |
| Etiketler: |
Etiketle
Etiket eklenmemiş, İlk siz ekleyin!
|
| Thư viện lưu trữ: | Thư viện Trường Đại học Đà Lạt |
|---|
| LEADER | 01082nam a2200373 4500 | ||
|---|---|---|---|
| 001 | DLU110119366 | ||
| 005 | ##20110406 | ||
| 040 | # | # | |a DLU |b vie |
| 041 | # | # | |a vie |
| 044 | # | # | |a vn |
| 082 | # | # | |a 302.3 |b FI-R |
| 100 | # | # | |a Fisher, Roger. |
| 245 | # | # | |a Sức mạnh của trí tuệ cảm xúc / |c Roger Fisher, Daniel Shapiro; Đan Châu, ... [và những người khác] dịch. |
| 260 | # | # | |a TP. HCM : |b Nxb. Trẻ, |c 2010. |
| 300 | # | # | |a 263 tr. ; |c 21 cm. |
| 505 | # | # | |a Phần I. Tổng quan về cảm xúc -- Phần II. Hãy làm người tiên phong -- Phần III. Những lời khuyên hữu ích. |
| 653 | # | # | |a Đàm phán |
| 653 | # | # | |a Cảm xúc |
| 700 | # | # | |a Đan Châu, |e dịch. |
| 700 | # | # | |a Hữu Nam, |e dịch. |
| 700 | # | # | |a Tâm Hằng, |c dịch. |
| 700 | # | # | |a Thế Lâm, |e dịch. |
| 700 | # | # | |a Shapiro, Daniel. |
| 923 | # | # | |a 02/2011 |
| 991 | # | # | |a SH |
| 992 | # | # | |a 48000 |
| 994 | # | # | |a DLU |
| 900 | # | # | |a True |
| 911 | # | # | |a Đào Thị Thu Huyền |
| 925 | # | # | |a G |
| 926 | # | # | |a A |
| 927 | # | # | |a SH |
| 980 | # | # | |a Thư viện Trường Đại học Đà Lạt |